000 00403nam a22001577a 4500
003 IT-RoPau
005 20220918181104.0
008 130416b xxu||||| |||| 00| 0 eng d
040 _cIT-RoPau
100 _aFamiglia Paolina
_998
245 _aIl Cooperatore Paolino 1978 (annata rilegata)
250 _a1° ed.
260 _aRoma
_bCasa Generalizia SSP
_c1978
300 _c25,5 cm
942 _2ddc
_cBK
999 _c98372
_d98372